| 000 | 00860nas a2200277 4500 | ||
|---|---|---|---|
| 001 | BR9604294 | ||
| 003 | BR-BrBNA | ||
| 005 | 20231205095342.0 | ||
| 007 | ta | ||
| 008 | 230509b bl.|||p| |||| 00| 00por d | ||
| 040 |
_aBR-BrBNA _bpor _cBiblioteca Nacional de Agricultura |
||
| 041 | _a(Pt) | ||
| 072 | _aF03; F30 | ||
| 100 | 1 | _aPaula, S.V. de | |
| 100 | 1 | _aAlvarenga, E.M. | |
| 245 | 1 | _aAvaliacao de plantulas de feijao (Phaseolus vulgaris)como criterio para selecao de cultivares tolerantes a salinidade | |
| 650 | _aFeijao | ||
| 650 | _aSemente | ||
| 650 | _aSalinidade | ||
| 650 | _aVariedade Resistente | ||
| 650 | _aTeste de Vigor | ||
| 650 | _aGerminacao | ||
| 773 | 0 |
_tRevista Brasileira de Sementes (Brazil) _xISSN 0101-3122 _g(1994), v. 16(2) p. 220-224 _wBR9604294 |
|
| 909 |
_a202311 _bLúcia _c55 _dLúcia Elande |
||
| 942 |
_2AGRIS _n0 _cANA |
||
| 999 |
_c150188 _d150188 |
||